Catálogo
 En Linea

¡Najayo!.. (Registro nro. 52119)

Detalles MARC
000 -CABECERA
campo de control de longitud fija 01495nam a2200301 a 4500
003 - IDENTIFICADOR DEL NÚMERO DE CONTROL
campo de control DO-SdBNP
005 - FECHA Y HORA DE LA ÚLTIMA TRANSACCIÓN
campo de control 20220701122126.0
007 - CAMPO FIJO DE DESCRIPCIÓN FÍSICA--INFORMACIÓN GENERAL
campo de control de longitud fija ta
008 - DATOS DE LONGITUD FIJA--INFORMACIÓN GENERAL
campo de control de longitud fija 220628e2013 dr h|||er|||| 001 mdspa d
020 ## - NÚMERO INTERNACIONAL ESTÁNDAR DEL LIBRO
Número Internacional Estándar del Libro 9789945488135
040 ## - FUENTE DE LA CATALOGACIÓN
Centro catalogador/agencia de origen DO-SdBNP
Lengua de catalogación spa
Centro/agencia transcriptor BNPHU
082 #4 - NÚMERO DE LA CLASIFICACIÓN DECIMAL DEWEY
Número de edición 22
Número de documento/Ítem F363n
100 1# - ENTRADA PRINCIPAL--NOMBRE DE PERSONA
9 (RLIN) 72877
Nombre de persona Fernández, Papo
Fechas asociadas al nombre 1963-
245 10 - MENCIÓN DE TÍTULO
Título ¡Najayo!..
Resto del título "pues yo si jayé. /
Mención de responsabilidad, etc. Papo Fernández; Editor, Noe Zayas, Prólogo, Pedro Carreras Aguilera
260 ## - PUBLICACIÓN, DISTRIBUCIÓN, ETC.
Lugar de publicación, distribución, etc. San Francisco de Macorís, República Dominicana :
Nombre del editor, distribuidor, etc. Papiros Talleres Gráficos,
Fecha de publicación, distribución, etc. 2013
300 ## - DESCRIPCIÓN FÍSICA
Extensión 109 p. :
Otras características físicas facs. ;
Dimensiones 21 cm.
500 ## - NOTA GENERAL
Nota general Incluye datos biográficos del autor en las solapas de las cubierta.
505 0# - NOTA DE CONTENIDO CON FORMATO
Nota de contenido con formato 1.- Dedicatoria.--
505 0# - NOTA DE CONTENIDO CON FORMATO
Nota de contenido con formato 2.- Prólogo.
Título 3.- Palabras el autor.--
-- 4.- Participación en la cámara de diputados.--
-- 5.- Un grandote y Gigante Besote!.--
-- 6.- ¿Por qué?.--
-- 7.- El hombre... es su Palabra?.--<br/>
-- 8.- Privilegios en Cárcel.--
-- 9.- No es la gran vaina.--
-- 10.- Lean esto.--
-- 11.- Cosas de Najayo.--
-- 12.- Retazos de mi Pensamiento.--
-- 13.- Otros Dicien:
-- 14.- Al final.--
-- 15.- Anexos
590 ## - NOTA LOCAL (RLIN)
Nota local Inventariado 2022 / MF
650 #4 - PUNTO DE ACCESO ADICIONAL DE MATERIA--TÉRMINO DE MATERIA
9 (RLIN) 16921
Término de materia o nombre geográfico como elemento de entrada Prosa
Subdivisión de forma Relatos personales
Subdivisión general Critica e Interpretación.
Subdivisión geográfica República Dominicana
650 #4 - PUNTO DE ACCESO ADICIONAL DE MATERIA--TÉRMINO DE MATERIA
Término de materia o nombre geográfico como elemento de entrada Prisiones
Subdivisión geográfica República Dominicana
9 (RLIN) 14299
651 #4 - PUNTO DE ACCESO ADICIONAL DE MATERIA--NOMBRE GEOGRÁFICO
9 (RLIN) 78581
Nombre geográfico República Dominicana
Subdivisión general Relatos personales
700 1# - PUNTO DE ACCESO ADICIONAL--NOMBRE DE PERSONA
9 (RLIN) 13123
Nombre de persona Zayas, Noé
Término indicativo de función/relación ed.
700 1# - PUNTO DE ACCESO ADICIONAL--NOMBRE DE PERSONA
9 (RLIN) 43438
Nombre de persona Carreras Aguilera, Pedro
Término indicativo de función/relación pról.
910 ## - DATOS DE OPCIÓN DEL USUARIO (OCLC)
Datos de opción del usuario MFeliz
942 ## - ELEMENTOS DE PUNTO DE ACCESO ADICIONAL (KOHA)
Fuente del sistema de clasificación o colocación Dewey Decimal Classification
Tipo de ítem Koha Libro
Existencias
Estado de retiro Estado de pérdida Fuente del sistema de clasificación o colocación Restricciones de uso No para préstamo Código de colección Localización permanente Ubicación/localización actual Ubicación en estantería Fecha de adquisición Fuente de adquisición Signatura topográfica completa Código de barras Fecha visto por última vez Precio válido a partir de Tipo de ítem Koha Nota pública Número de copia
    Dewey Decimal Classification Excluido de préstamo   Patrimonio Dominicano Biblioteca Nacional Pedro Henríquez Ureña Biblioteca Nacional Pedro Henríquez Ureña En catalogación 10.04.2019 Depósito legal F363n 2022-3234 28.06.2022 28.06.2022 Libro Ejemplar autografiado  
    Dewey Decimal Classification Excluido de préstamo   Patrimonio Dominicano Biblioteca Nacional Pedro Henríquez Ureña Biblioteca Nacional Pedro Henríquez Ureña En catalogación 10.04.2019 Depósito legal F363n 2022-3235 28.06.2022 28.06.2022 Libro Ejemplar autografiado e.2

Con tecnología Koha